| 000 | 00368nam a22001217a 4500 | ||
|---|---|---|---|
| 020 | _a9780471593485 | ||
| 082 | _a515.352 NAY | ||
| 100 |
_aALI H. NAYFEH ,BALACHANDRAN, BALAKUMAR _961136 |
||
| 245 | _aAPPLIED NONLINEAR DYNAMICS ,ANALYTICAL, COMPUTATIONAL, AND EXPERIMENTAL METHODS (CHAPTER 6-8) | ||
| 260 |
_aGERMANY _bWILEY _c2004 |
||
| 300 | _aXL, 685P | ||
| 942 | _cBK | ||
| 999 |
_c570689 _d570689 |
||